Gaming Quiz

Random Gaming Quiz

Goldeneye 007 Multiplayer Awards Quiz Stats

 Plays Quiz not verified by Sporcle

Also try: Video Game Doors
Challenge
Share
Tweet
Embed
Score 0/15 Timer 05:00
0 Plays Today
Award % Correct
Most Deadly
71%
Where's the Ammo?
54.8%
Where's the Armor?
49.4%
Most Honorable
41%
Most Dishonorable
37.4%
Longest Innings
33.9%
Lemming Award
33.2%
Shortest Innings
32.3%
Award % Correct
AC-10 Award
30.6%
Most Professional
29%
Double Kill
28.1%
Most Frantic
26.8%
Marksmanship Award
25.5%
Triple Kill
25.5%
Quad Kill
15.2%

You're not logged in!

Compare scores with friends on all Sporcle quizzes.
OR
Log In

You Might Also Like...

Show Comments

Extras

Top Quizzes Today


Score Distribution

Your Account Isn't Verified!

In order to create a playlist on Sporcle, you need to verify the email address you used during registration. Go to your Sporcle Settings to finish the process.

Report this User

Report this user for behavior that violates our Community Guidelines.

Details: